Brawl Stars Charakters - Statystyki

Ogólne statystyki
  • Ten quiz został rozwiązany 343 razy
  • Średni wynik to 20 z 26
Statystyki odpowiedzi
Lp. Name % Poprawnych
1. Shelly
93%
5. Bull
92%
3. Colt
88%
25. Leon
87%
2. Nita
86%
26. Crow
84%
27. Spike
84%
11. El Primo
80%
22. Mortis
80%
7. Bo
78%
4. Jessie
78%
10. Rosa
78%
6. Brock
77%
19. Frank
76%
13. Poco
76%
12. Barley
75%
23. Tara
75%
16. Darryl
73%
8. Dynamike
73%
24. Gene
73%
21. Pam
73%
17. Penny
73%
20. Piper
73%
18. Bibi
71%
15. Rico
71%
14. Carl
66%
Nie znaleziono quizów pasujących do podanych kryteriów
Rozkład punktacji
Procent ludzi z każdym wynikiem
Percentyl według liczby udzielonych odpowiedzi
Twoja historia wyników
Nie rozwiązałeś tego quizu